All Presidents of the Philippines - Statistics

General Stats
  • This quiz has been taken 81 times
  • The average score is 13 of 17
Answer Stats
Hint Years Served President % Correct
17th 2022 - present Ferdinand Marcos Jr.
94%
10th 1965 - 1986 Ferdinand Marcos Sr.
94%
15th 2010 - 2016 Benigno Aquino III
89%
1st 1899 - 1901 Emilio Aguinaldo
89%
11th 1986 - 1992 Ma. Corazon Aquino
89%
16th 2016 - 2022 Rodrigo Duterte
81%
14th 2001 - 2010 Ma. Gloria Arroyo
79%
7th 1953 - 1957 Ramon Magsaysay
79%
3rd 1943 - 1945 Jose P. Laurel
77%
2nd 1935 - 1944 Manuel L. Quezon
77%
9th 1961 - 1965 Diosdado Macapagal
72%
12th 1992 - 1998 Fidel Ramos
72%
6th 1948 - 1953 Elpidio Quirino
70%
5th 1946 - 1948 Manuel Roxas
70%
13th 1998 - 2001 Joseph Estrada
68%
8th 1957 - 1961 Carlos P. Garcia
66%
4th 1944 - 1946 Sergio Osmeña
57%
No matching quizzes found
Score Distribution
Percent of People with Each Score
Percentile by Number Answered
Your Score History
You have not taken this quiz